Loading...
| History - American History | 0 | 5 | 0 | 1 | 50 | 77 | 99.00 | 1 | 5 |
| History - European History | 0 | 4 | 0 | 1 | 40 | 48 | 103.75 | 1 | 4 |
| Geography | 0 | 2 | 0 | 0 | 20 | 60 | 74.50 | 2 | 2 |
| Religion | 0 | 2 | 1 | 0 | 15 | 76 | 95.50 | 1 | 2 |
| History - World History | 0 | 2 | 1 | 0 | 15 | 64 | 75.50 | 1 | 2 |
| Social Science | 0 | 1 | 0 | 0 | 10 | 110 | 110.00 | 0 | 1 |
| Fine Arts - Other Fine Arts | 0 | 1 | 0 | 1 | 10 | 150 | 150.00 | 0 | 1 |
| Literature - American Literature | 0 | 1 | 0 | 0 | 10 | 128 | 128.00 | 0 | 1 |
| Other Academic | 0 | 1 | 0 | 0 | 10 | 135 | 135.00 | 0 | 0 |
| Current Events | 0 | 0 | 1 | 0 | -5 | 0.00 | 0 | 0 | |
| History - Other History | 0 | 0 | 1 | 0 | -5 | 0.00 | 0 | 0 | |
| Literature - British Literature | 0 | 0 | 1 | 0 | -5 | 0.00 | 0 | 0 |